Pequeño tratado de las grandes virtudes.

Saved in:
Bibliographic Details
Main Author: Comte-Sponville, André (autor)
Other Authors: Jacomet, Pierre (traducción)
Format: Book
Language:Spanish
Published: Santiago, Chile: Andrés Bello, 1996.
Edition:Primera edición.
Subjects:
Tags: Add Tag
No Tags, Be the first to tag this record!

MARC

LEADER 00000nam a2200000 a 4500
001 UCS6784
003 CL-VaPUC
005 20220526162235.0
008 971003e19960000CL |||||||||||||||||spa|d
999 |c 262363  |d 262361 
020 |a 956-13-1420-7 
040 |c Pontificia Universidad Católica de Valparaíso 
082 0 4 |a 179.9 COM 1996   |2 21 
100 0 |a Comte-Sponville, André  |e autor  |9 392149 
245 1 0 |a Pequeño tratado de las grandes virtudes. 
250 |a Primera edición.  
260 |a Santiago, Chile:  |b Andrés Bello,  |c 1996. 
300 |a 343 páginas.  
583 |a last modification  |c 19971003 00:00:00  |k Rodrigo Vera 
650 0 |a Virtud  |9 315987 
650 0 |a Virtudes  |9 309526 
650 0 |a Ética  |9 255099 
650 0 |a Amor  |9 257817 
650 7 |a HUMOR  |2 CL-VaPUC  |9 337105 
650 7 |a CORTESIA  |2 CL-VaPUC  |9 312165 
650 7 |a FIDELIDAD  |2 CL-VaPUC  |9 372664 
650 0 |a Prudencia  |9 392150 
650 7 |a TEMPERANCIA  |2 CL-VaPUC  |9 392151 
650 0 |a Justicia   |9 255408 
650 7 |a CORAJE  |2 CL-VaPUC  |9 392152 
650 7 |a GENEROSIDAD  |2 CL-VaPUC  |9 392153 
650 7 |a COMPASION  |2 CL-VaPUC  |9 392154 
650 7 |a MISERICODIA  |2 CL-VaPUC  |9 392155 
650 7 |a GRATITUD  |2 CL-VaPUC  |9 392156 
650 7 |a HUMILDAD  |2 CL-VaPUC  |9 392157 
650 0 |a Tolerancia  |9 313098 
700 |a Jacomet, Pierre  |e traducción   |9 865535 
942 |c BK  |2 ddc 
945 |d 19971003 00:00:00  |a aalvarez 
952 |0 0  |1 2  |4 0  |6 179_900000000000000_COM_1996  |7 0  |8 A  |9 290759  |a BIBTEO  |b BIBTEO  |d 2019-11-19  |i 2023792  |o 179.9 COM 1996  |p 2023792  |r 2019-11-19  |w 2019-11-19  |y BK  |k ICR